00626nam a2200181Ia 4500008004100000082001600041100001400057245005000071250000800121260002900129300001200158500002400170650001600194942000700210952010500217952010500322999001700427230524s9999 xx 000 0 und d a621.38bKAM aRaj Kamal 4aThe Concepts and Features of Microcontrollers a1ST aNEW DELHIbS.Chandc2005 aXVI;387 aQuantity Number: 2 aElectronics cBK 00104070aTATCLbTATCLcGENd2023-05-24l0o621.38 KAMp1538r2023-05-24w2023-05-24yBKzBCSE3304 00104070aTATCLbTATCLcGENd2023-05-24l0o621.38 KAMp3487r2023-05-24w2023-05-24yBKzBCSE3304 c25546d25546